000 00909na a2200265 4500
001 18690
003 MIRAKIL
005 20181213155108.0
008 161124b tu 000 0
035 _a18690
040 _aMilas
_btur
_cTR-AnCHP
041 _atur
082 _a352.9561
_bK69 1984
090 _a352.9561 K69 1984
100 _aKoyuncu, Ahmet
245 _aKöy ve mahalle yönetimi
_bKöy, muhtar ve ihtiyar meclisleri ile mahalle muhtar ve ihtiyar heyetlerinin görev, yetki ve sorumlulukları
_cAhmet Koyuncu
246 _aKöy, muhtar ve ihtiyar meclisleri ile mahalle muhtar ve ihtiyar heyetlerinin görev, yetki ve sorumlulukları
250 _a2. bs.
260 _aAnkara
_bOlgaç Matbaası
_c1984
300 _a439 s.
_btbl.
_c23 sm.
650 _aYerel yönetimler
_zTürkiye
650 _aKöy yönetimi
_zTürkiye
650 _aMahalle yönetimi
_zTürkiye
942 _2ddc
_cBKS
999 _c6462
_d6462